[Event "DM 2026 Kort Paaske 1C"]
[Site "Svendborg"]
[Date "2026.03.29"]
[Round "3.22"]
[White "Lindorf, Alberte"]
[Black "Christensen, Soren Graugaard"]
[Result "1/2-1/2"]
[WhiteElo "1200"]
[BlackElo "1723"]
[BlackFideId "1413449"]
[EventDate "2026.03.28"]
[EventType "swiss"]
[EventRounds "5"]
[EventCountry "DEN"]
[SourceTitle "Live v. Kasper Jerwiarz"]

1. e4 e6 2. Nc3 d5 3. exd5 exd5 4. d4 Nf6 5. Nf3 c6 6. Be3 Bd6 7. Be2 O-O 8. O-O Bf5 9. Bg5 Nbd7 10. Bd3 Bg6 11. Re1 Re8 12. Rxe8+ Qxe8 13. Bxg6 hxg6 14. Qe1 Bb4 15. Qxe8+ Rxe8 16. Na4 Re2 17. c3 Bd6 18. Kf1 Re6 19. b3 Ne4 20. Bd2 Ndf6 21. h3 Nh5 22. Rc1 Nf4 23. Nc5 Nxc5 24. dxc5 Bc7 25. Re1 Rxe1+ 26. Nxe1 Ne6 27. b4 Kf8 28. Nf3 Ke7 29. g3 Nf8 30. Nd4 Nd7 31. a4 Ne5 32. Bf4 f6 33. h4 Kd7 34. Ke2 b6 35. cxb6 axb6 36. Nf3 Ke6 37. Nxe5 fxe5 38. Be3 Kf5 39. f3 Ke6 40. g4 Kd6 41. h5 gxh5 42. gxh5 c5 43. Kd3 c4+ 44. Ke2 Ke6 45. h6 gxh6 46. Bxh6 Kf5 47. Ke3 Kg6 48. Bf8 Kf7 49. Bh6 Kg6 50. Bf8 Kf7 1/2-1/2

[Event "DM 2026 Kort Paaske 1C"]
[Site "Svendborg"]
[Date "2026.03.29"]
[Round "3.23"]
[White "Dithlevsen, Birgit"]
[Black "Bertl Eberle, Emil"]
[Result "0-1"]
[WhiteElo "1614"]
[BlackElo "1451"]
[WhiteFideId "1413201"]
[BlackFideId "1481207"]
[EventDate "2026.03.28"]
[EventType "swiss"]
[EventRounds "5"]
[EventCountry "DEN"]
[SourceTitle "Live v. Kasper Jerwiarz"]

1. e4 c6 2. Nc3 d5 3. d4 dxe4 4. Nxe4 Bf5 5. Ng3 Bg6 6. Nf3 e6 7. Ne5 Ne7 8. Bc4 Nd7 9. Nxg6 Nxg6 10. O-O c5 11. c3 Bd6 12. Ne4 Bxh2+ 13. Kxh2 Qh4+ 14. Kg1 Qxe4 15. f3 Qh4 16. Qe1 Qh5 17. Bb5 Rd8 18. Qg3 O-O 19. Bxd7 Rxd7 20. Be3 cxd4 21. Bxd4 b6 22. Kf2 Qf5 23. Rae1 e5 24. Be3 Nf4 25. Bxf4 exf4 26. Qg4 Qc5+ 27. Re3 Qxe3# 0-1

[Event "DM 2026 Kort Paaske 1C"]
[Site "Svendborg"]
[Date "2026.03.29"]
[Round "3.24"]
[White "Shekar, Rohan"]
[Black "Christensen, Thorbjorn Erik K"]
[Result "1/2-1/2"]
[WhiteElo "1522"]
[BlackElo "1577"]
[WhiteFideId "1485580"]
[BlackFideId "1476246"]
[EventDate "2026.03.28"]
[EventType "swiss"]
[EventRounds "5"]
[EventCountry "DEN"]
[SourceTitle "Live v. Kasper Jerwiarz"]

1. d4 f5 2. Bf4 Nf6 3. Nf3 e6 4. e3 b6 5. Bd3 Bb7 6. Nbd2 Be7 7. c3 O-O 8. O-O Ne4 9. Bc2 d6 10. Nxe4 Bxe4 11. Bb3 Bd5 12. Bxd5 exd5 13. Qd3 a6 14. Nd2 b5 15. b4 Nd7 16. f3 Nb6 17. e4 g5 18. Bg3 f4 19. Bf2 1/2-1/2

[Event "DM 2026 Kort Paaske 1C"]
[Site "Svendborg"]
[Date "2026.03.29"]
[Round "3.25"]
[White "Lindorf, Jonas"]
[Black "Sundien, Jes"]
[Result "1-0"]
[WhiteElo "1200"]
[BlackElo "1537"]
[BlackFideId "1470132"]
[EventDate "2026.03.28"]
[EventType "swiss"]
[EventRounds "5"]
[EventCountry "DEN"]
[SourceTitle "Live v. Kasper Jerwiarz"]

1. e4 e5 2. Nf3 Nc6 3. Bc4 Nf6 4. d4 d6 5. d5 Ne7 6. Nc3 Bg4 7. Bg5 Ng6 8. Bb5+ Bd7 9. Bxf6 gxf6 10. Qe2 Nf4 11. Qf1 a6 12. Bxd7+ Qxd7 13. g3 Nh3 14. Nh4 Ng5 15. f4 exf4 16. gxf4 Nh3 17. Nf5 Ng5 18. fxg5 fxg5 19. O-O-O h5 20. h3 b5 21. Ne2 O-O-O 22. Ned4 f6 23. Nc6 Re8 24. Qd3 Bh6 25. Kb1 Re5 26. Nxe5 fxe5 27. Qe3 Kb7 28. Nxh6 Rxh6 29. Qxg5 Rh8 30. Rdf1 c5 31. dxc6+ Kxc6 32. Qd2 Qc7 33. Qd5+ Kb6 34. Rf6 Rd8 35. Rd1 Ka5 36. Rxd6 h4 37. Rxd8 1-0

[Event "DM 2026 Kort Paaske 1C"]
[Site "Svendborg"]
[Date "2026.03.29"]
[Round "3.26"]
[White "Fogh, Torben"]
[Black "Berglund, Viktor Markvard"]
[Result "1-0"]
[WhiteElo "1605"]
[BlackElo "1599"]
[WhiteFideId "1420704"]
[BlackFideId "1481622"]
[EventDate "2026.03.28"]
[EventType "swiss"]
[EventRounds "5"]
[EventCountry "DEN"]
[SourceTitle "Live v. Kasper Jerwiarz"]

1. d4 d5 2. Nf3 e6 3. e3 Nf6 4. Bd3 Nc6 5. b3 Bd6 6. Bb2 b6 7. Nbd2 Bb7 8. O-O O-O 9. Re1 Re8 10. h3 Ne7 11. a3 Ng6 12. Rc1 a6 13. c4 c5 14. a4 Ne4 15. Be2 dxc4 16. Nxe4 Bxe4 17. dxc5 bxc5 18. Bxc4 Bd5 19. Bxd5 exd5 20. g3 Be5 21. Bxe5 Nxe5 22. Nxe5 Rxe5 23. Rxc5 Qd6 24. Qc2 Qe6 25. Kg2 d4 26. Rxe5 Qxe5 27. Qd3 Rd8 28. Rd1 Rd6 29. exd4 Qd5+ 30. f3 Rg6 31. Qc4 Qa8 32. d5 Rf6 33. Rd3 Qe8 34. Kf2 h6 35. d6 Re6 36. Rd4 Re1 37. Re4 Rxe4 38. Qxe4 Qc8 39. Qd3 Qc5+ 40. Kg2 Qc1 41. d7 Qb2+ 42. Kf1 Qc1+ 43. Ke2 Qb2+ 44. Qd2 Qe5+ 45. Kf2 1-0

[Event "DM 2026 Kort Paaske 1C"]
[Site "Svendborg"]
[Date "2026.03.29"]
[Round "3.27"]
[White "Skytte, Amanda"]
[Black "Wilhelmsen, Vera"]
[Result "1-0"]
[WhiteElo "1565"]
[BlackElo "1200"]
[WhiteFideId "1476882"]
[BlackFideId "1489097"]
[EventDate "2026.03.28"]
[EventType "swiss"]
[EventRounds "5"]
[EventCountry "DEN"]
[SourceTitle "Live v. Kasper Jerwiarz"]

1. e4 c6 2. d4 d5 3. Nd2 e6 4. Ngf3 dxe4 5. Nxe4 g6 6. Bd3 Bg7 7. O-O Nf6 8. Nc3 O-O 9. Bf4 Nd5 10. Bg5 Nxc3 11. Qd2 Qa5 12. bxc3 Nd7 13. Bh6 Qh5 14. Bg5 e5 15. Be2 Qg4 16. h3 Qe6 17. Bh6 e4 18. Nh2 Re8 19. Ng4 f5 20. Nh2 b5 21. a4 a6 22. axb5 cxb5 23. Rfe1 Qd6 24. Bxb5 Qd5 25. Ba4 Nb6 26. Bb3 Nc4 27. Qe2 Be6 28. Bxg7 Kxg7 29. Nf1 Rec8 30. Ne3 Qc6 31. Red1 Nxe3 32. Qxe3 Bxb3 33. cxb3 Qxc3 34. Qf4 Qxb3 35. Qe5+ Kf7 36. Rab1 Qc4 37. Rb7+ Rc7 38. Rxc7+ Qxc7 39. Qxc7+ 1-0

[Event "DM 2026 Kort Paaske 1C"]
[Site "Svendborg"]
[Date "2026.03.29"]
[Round "3.28"]
[White "Kreiner, Aksel Brandt"]
[Black "Berglund, Konrad Markvard"]
[Result "1-0"]
[WhiteElo "1579"]
[BlackElo "1350"]
[WhiteFideId "1489313"]
[BlackFideId "1485504"]
[EventDate "2026.03.28"]
[EventType "swiss"]
[EventRounds "5"]
[EventCountry "DEN"]
[SourceTitle "Live v. Kasper Jerwiarz"]

1. d4 d5 2. c4 Nc6 3. Nc3 Nf6 4. Bg5 dxc4 5. Nf3 Bg4 6. e3 e6 7. Bxc4 Be7 8. O-O O-O 9. h3 Bxf3 10. Qxf3 e5 11. d5 Nb8 12. Qg3 Nbd7 13. Bh6 g6 14. Bxf8 Qxf8 15. e4 Nc5 16. Qxe5 a6 17. Rad1 Nfd7 18. Qf4 Bd6 19. Qe3 Qe7 20. Rfe1 Re8 21. a3 Nf6 22. Bd3 Ncd7 23. b4 c5 24. dxc6 1-0

[Event "DM 2026 Kort Paaske 1C"]
[Site "Svendborg"]
[Date "2026.03.30"]
[Round "4.20"]
[White "Pei, Kai"]
[Black "Vilkauskas, Benas"]
[Result "0-1"]
[WhiteElo "1503"]
[BlackElo "1683"]
[BlackFideId "1487132"]
[EventDate "2026.03.28"]
[EventType "swiss"]
[EventRounds "5"]
[EventCountry "DEN"]
[SourceTitle "Live v. Kasper Jerwiarz"]

1. e4 d5 2. exd5 Qxd5 3. Nc3 Qa5 4. Nf3 Bg4 5. d4 c6 6. Bd2 Qc7 7. Be2 e6 8. Ne5 Bf5 9. Bf4 Bd6 10. g4 Bg6 11. Nxg6 hxg6 12. Bxd6 Qxd6 13. Ne4 Qf4 14. Ng3 Nf6 15. f3 Nbd7 16. Qd3 O-O-O 17. Nf1 Ne5 18. Qe3 Qxe3 19. Nxe3 Rxd4 20. c3 Rd6 21. Nf1 Nd3+ 22. Bxd3 Rxd3 23. Nd2 Rhd8 24. O-O-O Nd5 25. Nc4 Rxf3 26. Ne5 Rf2 27. Rdf1 Rxf1+ 28. Rxf1 f6 29. Nxg6 e5 30. Nh4 e4 31. Nf5 g6 32. Ng3 e3 33. Re1 b5 34. Nf1 Re8 35. Kc2 f5 36. gxf5 gxf5 37. Kd3 f4 38. h4 Rh8 39. Nh2 Rxh4 40. Nf3 Rh3 41. Nd4 Kd7 42. Rf1 Kd6 43. Nf5+ Ke5 44. Nd4 Kd6 45. Nf5+ Kc5 46. Nd4 a5 47. Ne6+ Kd6 48. Nxf4 Nxf4+ 49. Rxf4 Rh2 50. Rd4+ Kc7 51. Kxe3 Rxb2 52. a4 Kb6 53. axb5 cxb5 54. Rd1 Kc5 55. Ra1 a4 56. Kd3 Rb3 57. Kd2 Kc4 58. Rc1 a3 59. Rc2 Rb2 60. Rxb2 axb2 61. Kc2 b1=Q+ 62. Kxb1 Kxc3 63. Kc1 b4 64. Kb1 Kb3 65. Ka1 Kc2 66. Ka2 b3+ 67. Ka3 b2 68. Kb4 b1=Q+ 69. Kc4 Qb3+ 70. Kd4 Kd2 71. Ke4 Qe3+ 72. Kf5 Kd3 73. Kf6 Qe4 74. Kg5 Kd4 75. Kf6 Qe5+ 76. Kf7 Kd5 77. Kg6 Ke6 78. Kh6 Kf7 79. Kh7 Qh5# 0-1

[Event "DM 2026 Kort Paaske 1C"]
[Site "Svendborg"]
[Date "2026.03.30"]
[Round "4.21"]
[White "Christensen, Soren Graugaard"]
[Black "Bertl Eberle, Emil"]
[Result "1-0"]
[WhiteElo "1723"]
[BlackElo "1451"]
[WhiteFideId "1413449"]
[BlackFideId "1481207"]
[EventDate "2026.03.28"]
[EventType "swiss"]
[EventRounds "5"]
[EventCountry "DEN"]
[SourceTitle "Live v. Kasper Jerwiarz"]

1. d4 Nf6 2. Nf3 d5 3. c4 g6 4. Nc3 Bg7 5. e3 O-O 6. cxd5 Nxd5 7. Bc4 Nxc3 8. bxc3 c5 9. O-O Nc6 10. Qe2 Bg4 11. h3 Bxf3 12. Qxf3 cxd4 13. cxd4 e6 14. Ba3 Re8 15. Rab1 Qc7 16. Rfc1 a6 17. Bc5 b5 18. Bb3 Ne7 19. Bb4 Qd7 20. Rc5 Nf5 21. Qc6 Qxc6 22. Rxc6 Rec8 23. Rbc1 Rxc6 24. Rxc6 Bf6 25. d5 Be7 26. d6 a5 27. Bc5 a4 28. Bc2 Bf6 29. d7 Rd8 30. Rc8 Kg7 31. e4 Nh6 32. Rxd8 Bxd8 33. Bd3 f5 34. exf5 exf5 35. Bxb5 Kf7 36. Bxa4 Ke6 37. Bc6 Ng8 38. a4 Nf6 39. Bb4 Nxd7 40. Kf1 Nb8 41. Bb5 Bb6 42. Bc4+ Kf6 43. Bc3+ Ke7 44. a5 Ba7 45. a6 Kd6 46. Bd2 Nc6 47. Bg8 h5 48. Bh7 Ke6 49. Bxg6 Nb8 50. Bxh5 Nxa6 51. Be2 Nc7 52. Be3 Bxe3 53. fxe3 Nd5 54. Kf2 Nf6 55. Kf3 Nh5 56. g4 fxg4+ 57. hxg4 Nf6 58. e4 Ke5 59. Bd3 Nh7 60. Kg3 Nf6 61. Kh4 Kf4 62. g5 Nh7 63. g6 Nf6 64. g7 Ke5 65. Kg5 Nh7+ 66. Kg6 Nf6 67. Kf7 1-0

[Event "DM 2026 Kort Paaske 1C"]
[Site "Svendborg"]
[Date "2026.03.30"]
[Round "4.22"]
[White "Shekar, Diya"]
[Black "Lindorf, Alberte"]
[Result "1/2-1/2"]
[WhiteElo "1540"]
[BlackElo "1200"]
[WhiteFideId "1472330"]
[EventDate "2026.03.28"]
[EventType "swiss"]
[EventRounds "5"]
[EventCountry "DEN"]
[SourceTitle "Live v. Kasper Jerwiarz"]

1. d4 d5 2. Bf4 Nf6 3. Nf3 Nc6 4. e3 a6 5. Bd3 Bg4 6. Nbd2 e6 7. c3 h6 8. Qc2 Ne7 9. Ne5 Bf5 10. O-O Bxd3 11. Qxd3 Nf5 12. e4 dxe4 13. Nxe4 c6 14. Nxf6+ Qxf6 15. Rfe1 Bd6 16. Ng4 Qg6 17. Bxd6 Qxg4 18. Bb4 O-O-O 19. Qe4 Qg5 20. g3 h5 21. h4 Qg4 22. Qxg4 hxg4 23. Re4 Nh6 24. Be7 Rde8 25. Bg5 f5 26. Re3 Nf7 27. Bf4 Rh7 28. Rae1 Kd7 29. Kf1 Rh5 30. Be5 Nxe5 31. dxe5 Kc7 32. Rd3 Rd8 33. Red1 Rhh8 34. Rxd8 Rxd8 35. Rxd8 Kxd8 36. f3 gxf3 37. Kf2 Ke7 38. Kxf3 1/2-1/2

[Event "DM 2026 Kort Paaske 1C"]
[Site "Svendborg"]
[Date "2026.03.30"]
[Round "4.23"]
[White "Lindorf, Jonas"]
[Black "Andersen, Lene"]
[Result "1-0"]
[WhiteElo "1200"]
[BlackElo "1604"]
[BlackFideId "1469576"]
[EventDate "2026.03.28"]
[EventType "swiss"]
[EventRounds "5"]
[EventCountry "DEN"]
[SourceTitle "Live v. Kasper Jerwiarz"]

1. e4 e5 2. Nf3 Nc6 3. Bc4 Bc5 4. c3 Nf6 5. d4 exd4 6. cxd4 Bb4+ 7. Nc3 O-O 8. e5 Ne4 9. O-O Nxc3 10. bxc3 Bxc3 11. Rb1 Ba5 12. Bg5 Qe8 13. Rb3 Bb6 14. Re3 Na5 15. Bd3 Nc6 16. Bb1 Ne7 17. h4 h6 18. Qd3 f5 19. exf6 Qg6 20. fxe7 Qxd3 21. exf8=Q+ Kxf8 22. Bxd3 hxg5 23. hxg5 g6 24. Rfe1 1-0

[Event "DM 2026 Kort Paaske 1C"]
[Site "Svendborg"]
[Date "2026.03.30"]
[Round "4.24"]
[White "Christensen, Thorbjorn Erik K"]
[Black "Fogh, Torben"]
[Result "1/2-1/2"]
[WhiteElo "1577"]
[BlackElo "1605"]
[WhiteFideId "1476246"]
[BlackFideId "1420704"]
[EventDate "2026.03.28"]
[EventType "swiss"]
[EventRounds "5"]
[EventCountry "DEN"]
[SourceTitle "Live v. Kasper Jerwiarz"]

1. e4 c5 2. a3 d6 3. Nc3 a6 4. d4 cxd4 5. Qxd4 Nc6 6. Qd1 h6 7. Be3 Nf6 8. Bc4 e6 9. Nf3 Be7 10. O-O O-O 11. Qd2 Ng4 12. h3 Nxe3 13. Qxe3 Bf6 14. Rad1 Qc7 15. Rd3 b5 16. Bb3 Bb7 17. Rfd1 Rad8 18. Qd2 Be7 19. Qe3 Bf6 20. Qd2 Be7 21. Qe3 Na5 22. Ba2 Nc4 23. Bxc4 bxc4 24. R3d2 Bf6 25. b4 Bxc3 26. Qxc3 Bxe4 27. Nd4 Qb6 28. Qxc4 Rc8 29. Qe2 Qb7 30. f3 Bd5 31. Nb3 Qb5 32. Qxb5 axb5 33. Nd4 Bc4 34. Nb3 d5 35. Na5 Rc7 36. Nxc4 Rxc4 37. Kf2 Rfc8 38. Rc1 Rc3 39. Ke2 Rxa3 40. Kd1 Rc4 41. Rd3 Ra4 42. c3 Ra3 43. Kd2 Kf8 44. Rd4 Rc7 45. f4 g6 46. g3 Ke7 47. h4 Kf6 48. g4 Rc4 49. Rxc4 dxc4 50. Ke3 h5 51. gxh5 gxh5 52. Ke4 Ra2 53. Kd4 Rd2+ 54. Kc5 Rd5+ 55. Kb6 Kf5 56. Ra1 Kxf4 57. Ra5 e5 58. Kc6 Ke4 59. Rxb5 Rxb5 60. Kxb5 Kd3 61. Kc5 e4 62. b5 e3 63. b6 e2 64. b7 e1=Q 65. b8=Q Qxc3 66. Qb1+ Qc2 67. Qxc2+ Kxc2 68. Kxc4 Kd2 69. Kd4 Ke2 70. Ke4 Kd2 71. Kf4 Kd3 72. Kf3 Kd4 73. Kf4 Kd3 74. Kf3 Kd4 75. Kf4 Kd3 76. Kf3 1/2-1/2

[Event "DM 2026 Kort Paaske 1C"]
[Site "Svendborg"]
[Date "2026.03.30"]
[Round "4.25"]
[White "Shekar, Rohan"]
[Black "Skytte, Amanda"]
[Result "0-1"]
[WhiteElo "1522"]
[BlackElo "1565"]
[WhiteFideId "1485580"]
[BlackFideId "1476882"]
[EventDate "2026.03.28"]
[EventType "swiss"]
[EventRounds "5"]
[EventCountry "DEN"]
[SourceTitle "Live v. Kasper Jerwiarz"]

1. d4 c6 2. Bf4 d5 3. c3 Bf5 4. Nf3 Nf6 5. e3 Qb6 6. Qb3 Qxb3 7. axb3 e6 8. Nbd2 Nbd7 9. Ne5 Nxe5 10. dxe5 Ne4 11. Nxe4 Bxe4 12. f3 Bc2 13. b4 a6 14. b5 a5 15. bxc6 bxc6 16. Be2 h6 17. Rc1 Bf5 18. O-O Bc5 19. Kh1 g5 20. b4 axb4 21. cxb4 Bxb4 22. Bg3 c5 23. Be1 Bxe1 24. Rfxe1 c4 25. e4 dxe4 26. fxe4 Bxe4 27. Bxc4 Bf5 28. Red1 O-O 29. h3 Ra5 30. Re1 h5 31. Ra1 Rc5 32. Bb3 g4 33. hxg4 hxg4 34. Rac1 Rb5 35. Bc2 Bxc2 36. Rxc2 Kg7 37. Rc4 Rd8 38. Rxg4+ Kh6 39. Ree4 Rdd5 40. Rh4+ Kg7 41. Reg4+ Kf8 42. Rh8+ Ke7 43. Rf4 Rxe5 44. Rh7 Rf5 45. Re4 Rh5+ 46. Rxh5 Rxh5+ 47. Kg1 f5 48. g4 Rg5 49. Rc4 Rxg4+ 50. Rxg4 fxg4 51. Kg2 Kf6 52. Kg3 Kf5 53. Kf2 Kf4 54. Kg2 e5 55. Kf2 e4 56. Kf1 e3 57. Ke2 g3 58. Kf1 Kf3 59. Ke1 g2 60. Kd1 e2+ 61. Kd2 g1=Q 62. Kc3 e1=Q+ 63. Kc4 Qg4+ 64. Kd5 Qa5+ 65. Kd6 Qg6+ 66. Kd7 Qa7+ 67. Kd8 Qg8# 0-1

[Event "DM 2026 Kort Paaske 1C"]
[Site "Svendborg"]
[Date "2026.03.30"]
[Round "4.26"]
[White "Kreiner, Aksel Brandt"]
[Black "Dithlevsen, Birgit"]
[Result "0-1"]
[WhiteElo "1579"]
[BlackElo "1614"]
[WhiteFideId "1489313"]
[BlackFideId "1413201"]
[EventDate "2026.03.28"]
[EventType "swiss"]
[EventRounds "5"]
[EventCountry "DEN"]
[SourceTitle "Live v. Kasper Jerwiarz"]

1. d4 d5 2. c4 dxc4 3. e4 Nc6 4. Nf3 Bg4 5. d5 Bxf3 6. Qxf3 Ne5 7. Qd1 Qd6 8. g3 Nd3+ 9. Bxd3 cxd3 10. Qxd3 c6 11. Qb3 b5 12. a3 a6 13. Bf4 e5 14. dxe6 Qxe6 15. Qxe6+ fxe6 16. Nd2 O-O-O 17. Rc1 Kb7 18. b4 Rd3 19. Ra1 Nf6 20. O-O Nd7 21. Be3 c5 22. Rfb1 cxb4 23. axb4 Ne5 24. h3 h6 25. Ra2 Be7 26. Rc2 Rc8 27. Rxc8 Kxc8 28. Kg2 Kb7 29. Nf3 Nc6 30. Bc5 Bxc5 31. bxc5 Rc3 32. Rd1 Kc7 33. Rd6 Rxc5 34. Rxe6 b4 35. Nd2 a5 36. Re8 a4 37. Ra8 a3 38. Nb3 Rc3 39. Nd2 Kb7 40. Ra4 Kb6 41. e5 Kb5 42. Ra8 Rc2 43. Nb3 Kc4 44. Na5+ Nxa5 45. Rxa5 a2 46. e6 Re2 47. Ra6 Kb5 48. Ra7 Kb6 49. Ra4 Kb5 50. Ra7 Rxe6 51. Rxa2 b3 52. Ra8 b2 53. Rb8+ Rb6 0-1

[Event "DM 2026 Kort Paaske 1C"]
[Site "Svendborg"]
[Date "2026.03.30"]
[Round "4.27"]
[White "Sundien, Jes"]
[Black "Berglund, Viktor Markvard"]
[Result "0-1"]
[WhiteElo "1537"]
[BlackElo "1599"]
[WhiteFideId "1470132"]
[BlackFideId "1481622"]
[EventDate "2026.03.28"]
[EventType "swiss"]
[EventRounds "5"]
[EventCountry "DEN"]
[SourceTitle "Live v. Kasper Jerwiarz"]

1. e4 c6 2. d4 d5 3. Nc3 Nf6 4. Bg5 Nxe4 5. Nf3 Bg4 6. Bh4 Nd7 7. Bd3 Ndf6 8. h3 Bh5 9. Bxf6 Nxf6 10. O-O e6 11. a3 Bd6 12. Be2 O-O 13. Ne5 Bxe2 14. Nxe2 Nd7 15. Nf3 c5 16. c3 e5 17. dxe5 Nxe5 18. Ng3 Bc7 19. Nxe5 Bxe5 20. Qg4 d4 21. f4 Bf6 22. Nh5 dxc3 23. Nxf6+ Qxf6 24. bxc3 Qxc3 25. f5 Qd4+ 26. Kh1 Qxg4 27. hxg4 c4 28. Rac1 Rac8 29. Rc3 Rfd8 30. g5 g6 31. f6 Rd5 32. Rf4 b5 33. Rh4 Rxg5 34. Rch3 h5 35. g4 c3 36. gxh5 c2 0-1

[Event "DM 2026 Kort Paaske 1C"]
[Site "Svendborg"]
[Date "2026.03.30"]
[Round "4.28"]
[White "Wilhelmsen, Vera"]
[Black "Berglund, Konrad Markvard"]
[Result "1-0"]
[WhiteElo "1200"]
[BlackElo "1350"]
[WhiteFideId "1489097"]
[BlackFideId "1485504"]
[EventDate "2026.03.28"]
[EventType "swiss"]
[EventRounds "5"]
[EventCountry "DEN"]
[SourceTitle "Live v. Kasper Jerwiarz"]

1. d4 d5 2. Nf3 Nf6 3. Bf4 Bf5 4. e3 e6 5. c3 c6 6. Be2 Be7 7. Nbd2 Nbd7 8. O-O O-O 9. Ne5 Ne4 10. Ndf3 Ndf6 11. b4 b5 12. Ng5 Nxc3 13. Nexf7 Rxf7 14. Nxf7 Kxf7 15. Qd2 Nfe4 16. Qb2 Nxe2+ 17. Qxe2 Bxb4 18. Qh5+ Bg6 19. Qd1 Bc3 20. Rc1 Rc8 21. f3 1-0

[Event "DM 2026 Kort Paaske 1C"]
[Site "Svendborg"]
[Date "2026.03.30"]
[Round "5.20"]
[White "Vilkauskas, Benas"]
[Black "Lindorf, Jonas"]
[Result "0-1"]
[WhiteElo "1683"]
[BlackElo "1200"]
[WhiteFideId "1487132"]
[EventDate "2026.03.28"]
[EventType "swiss"]
[EventRounds "5"]
[EventCountry "DEN"]
[SourceTitle "Live v. Kasper Jerwiarz"]

1. Nf3 Nf6 2. g3 e6 3. d4 c5 4. c4 d5 5. Nbd2 Bd6 6. e3 O-O 7. Bg2 Bd7 8. O-O b5 9. b3 bxc4 10. bxc4 Nc6 11. a3 Re8 12. Re1 e5 13. dxe5 Nxe5 14. Nxe5 Bxe5 15. Rb1 Rb8 16. Bxd5 Nxd5 17. cxd5 Bh3 18. e4 Qf6 19. Rb3 Bd4 20. Qf3 Rxb3 21. Qxf6 Rxg3+ 22. hxg3 Bxf6 23. f4 Bd4+ 24. Kh2 Bg4 25. e5 Kf8 26. Nb3 Bf5 27. Be3 Bxe3 28. Rxe3 c4 29. Rc3 cxb3 30. Rxb3 a5 31. d6 Bd7 32. Rb7 Rd8 33. Kg1 a4 34. Kf2 Ke8 35. Ke3 Rc8 36. Kd4 Kd8 37. Ra7 h6 38. Ra5 Rb8 39. Kc5 Kc8 40. Ra7 g6 41. Kd4 h5 42. Kc5 Rb3 43. Ra8+ Kb7 44. Rd8 Be6 45. Re8 Rxg3 46. Re7+ Kc8 47. Re8+ Kd7 48. Ra8 Rxa3 49. Ra7+ Kd8 50. Ra8+ Bc8 51. Ra7 Ke8 52. Re7+ Kf8 53. Ra7 Be6 54. Ra8+ Kg7 55. Kb4 Ra1 56. Re8 Rb1+ 57. Ka3 Rb7 58. Ra8 h4 59. Kxa4 h3 60. Ra5 f6 61. Rc5 h2 62. Rc1 Bd7+ 63. Ka5 Bc6 64. Rxc6 h1=Q 65. Rc7+ Rxc7 66. dxc7 Qc6 67. c8=Q Qxc8 68. exf6+ Kxf6 0-1

[Event "DM 2026 Kort Paaske 1C"]
[Site "Svendborg"]
[Date "2026.03.30"]
[Round "5.21"]
[White "Skytte, Amanda"]
[Black "Christensen, Soren Graugaard"]
[Result "0-1"]
[WhiteElo "1565"]
[BlackElo "1723"]
[WhiteFideId "1476882"]
[BlackFideId "1413449"]
[EventDate "2026.03.28"]
[EventType "swiss"]
[EventRounds "5"]
[EventCountry "DEN"]
[SourceTitle "Live v. Kasper Jerwiarz"]

1. e4 c5 2. Nf3 Nc6 3. Bc4 e6 4. O-O d6 5. d3 a6 6. Bg5 Be7 7. Bxe7 Ngxe7 8. Nc3 b5 9. Bb3 Bb7 10. Re1 O-O 11. Ne2 Na5 12. c3 c4 13. dxc4 Nxc4 14. Bxc4 bxc4 15. Nf4 Qc7 16. Nh3 Rad8 17. Qd2 d5 18. e5 Nf5 19. Qg5 d4 20. Qg4 dxc3 21. bxc3 Bxf3 22. Qxf3 Rd3 23. Qh5 g6 24. Qg5 Qe7 25. Qg4 Qc5 26. Ng5 h5 27. Qf4 Kg7 28. Rad1 Rfd8 29. Rxd3 Rxd3 30. Rc1 Qd5 31. h3 h4 32. a3 Rd1+ 33. Rxd1 Qxd1+ 34. Kh2 Qb3 35. Qe4 Qxc3 36. Qb7 Qxe5+ 37. Kh1 Nd6 38. Qd7 Qxg5 39. Qxd6 c3 40. Qd4+ Qf6 41. Qc5 g5 42. g3 hxg3 43. fxg3 Qf1+ 44. Kh2 Qe2+ 45. Kh1 c2 46. Qxg5+ Kh7 47. Qh4+ Kg6 48. Qf4 e5 49. Qc1 Qd1+ 50. Qxd1 cxd1=Q+ 51. Kg2 e4 52. Kf2 Qf3+ 53. Ke1 e3 54. h4 Qf2+ 55. Kd1 Qd2# 0-1

[Event "DM 2026 Kort Paaske 1C"]
[Site "Svendborg"]
[Date "2026.03.30"]
[Round "5.22"]
[White "Lindorf, Alberte"]
[Black "Pei, Kai"]
[Result "1-0"]
[WhiteElo "1200"]
[BlackElo "1503"]
[EventDate "2026.03.28"]
[EventType "swiss"]
[EventRounds "5"]
[EventCountry "DEN"]
[SourceTitle "Live v. Kasper Jerwiarz"]

1. e4 c5 2. Nc3 d6 3. Nf3 g6 4. d4 cxd4 5. Nxd4 Bg7 6. Be3 Nf6 7. h3 O-O 8. Bd3 Nc6 9. Nf3 d5 10. exd5 Nxd5 11. Nxd5 Qxd5 12. c3 Bf5 13. Bxf5 Qxf5 14. O-O Rfd8 15. Qb1 Qxb1 16. Raxb1 e5 17. Rbd1 e4 18. Ng5 f5 19. Rxd8+ Rxd8 20. Ne6 Rd6 21. Nxg7 Kxg7 22. b4 b6 23. Rc1 a5 24. Bxb6 axb4 25. Bc5 Rd2 26. cxb4 Rxa2 27. b5 Nd8 28. b6 Nb7 29. Be3 Kf6 30. Rc7 Nd6 31. Bf4 Nb5 32. b7 Nxc7 33. b8=Q Na6 34. Qf8+ Ke6 35. Qg8+ Kf6 36. Qxa2 Nc5 37. Qd5 Ne6 38. Qd6 Kf7 39. Be5 h6 40. Qd7+ Kf8 41. Qxe6 h5 42. Bf6 e3 43. Qe7+ Kg8 44. Qg7# 1-0

[Event "DM 2026 Kort Paaske 1C"]
[Site "Svendborg"]
[Date "2026.03.30"]
[Round "5.23"]
[White "Dithlevsen, Birgit"]
[Black "Shekar, Diya"]
[Result "1-0"]
[WhiteElo "1614"]
[BlackElo "1540"]
[WhiteFideId "1413201"]
[BlackFideId "1472330"]
[EventDate "2026.03.28"]
[EventType "swiss"]
[EventRounds "5"]
[EventCountry "DEN"]
[SourceTitle "Live v. Kasper Jerwiarz"]

1. e4 e5 2. Bc4 Nc6 3. Nf3 h6 4. O-O Nf6 5. d3 Bc5 6. h3 d6 7. Nc3 O-O 8. a3 a6 9. b4 Bd4 10. Bd2 Re8 11. Rb1 Bxc3 12. Bxc3 Be6 13. Bxe6 Rxe6 14. Bd2 b5 15. c3 d5 16. exd5 Qxd5 17. Qc2 Rd8 18. Rfe1 Qxd3 19. Qxd3 Rxd3 20. Rb2 Red6 21. Rc2 e4 22. Bf4 Rd7 23. Ne5 Nxe5 24. Bxe5 Rd1 25. Kf1 Rxe1+ 26. Kxe1 Re7 27. Bxf6 gxf6 28. Ke2 Kg7 29. Ke3 Kg6 30. Kf4 Kh5 31. g3 Re5 32. Rd2 c5 33. Rd6 Kg6 34. g4 Re6 35. bxc5 Re7 36. Rxa6 Re5 37. Rc6 h5 38. Rc8 hxg4 39. hxg4 Kg7 40. c6 Rc5 41. Kxe4 Rxc3 42. c7 1-0